Statistics for Landlocked Countries that Start with Letter S

Click here to take the quiz!

General Stats

  • This quiz has been taken 78 times
  • The average score is 5 of 6

Answer Stats

Country% Correct
Switzerland
93%
South Sudan
92%
Slovakia
86%
Swaziland
85%
San Marino
75%
Serbia
73%

Score Distribution

Percentile by Number Answered

Percent of People with Each Score

Your Score History

You have not taken this quiz